Contemporary financial management (Record no. 579585)

000 -LEADER
fixed length control field 00540nam a22001937a 4500
003 - CONTROL NUMBER IDENTIFIER
control field CEME
005 - DATE AND TIME OF LATEST TRANSACTION
control field 20210628205120.0
008 - FIXED-LENGTH DATA ELEMENTS--GENERAL INFORMATION
fixed length control field 210226b xxu||||| |||| 00| 0 eng d
020 ## - INTERNATIONAL STANDARD BOOK NUMBER
International Standard Book Number 0-314-91350-5
040 ## - CATALOGING SOURCE
Transcribing agency .
082 ## - DEWEY DECIMAL CLASSIFICATION NUMBER
Classification number 658.15 MOY'C
100 ## - MAIN ENTRY--PERSONAL NAME
Personal name Kretlow, W. J Moyer, R. Charles Mcguigon, J. R
9 (RLIN) 73994
245 ## - TITLE STATEMENT
Title Contemporary financial management
250 ## - EDITION STATEMENT
Edition statement 5TH
260 ## - PUBLICATION, DISTRIBUTION, ETC.
Place of publication, distribution, etc. NEWYORK
Name of publisher, distributor, etc. WEST PUBLISHING CO
Date of publication, distribution, etc. 1992
300 ## - PHYSICAL DESCRIPTION
Extent XXVI, 238P
650 ## - SUBJECT ADDED ENTRY--TOPICAL TERM
Topical term or geographic name entry element BUSINESS ENTERPRISES FINANCE ACC NO-30479
9 (RLIN) 73995
942 ## - ADDED ENTRY ELEMENTS (KOHA)
Koha item type Book
Source of classification or shelving scheme
Holdings
Withdrawn status Lost status Damaged status Not for loan Permanent Location Current Location Shelving location Date acquired Total Checkouts Full call number Barcode Date last seen Price effective from Koha item type
        College of Electrical & Mechanical Engineering (CEME) College of Electrical & Mechanical Engineering (CEME) General Stacks 04/28/2017   658.15 MOY'C CEME-30479 06/28/2021 06/28/2021 Book
© 2023 Central Library, National University of Sciences and Technology. All Rights Reserved.